Sports Quiz

Random Sports or NBA Quiz

Sports Teams 7-to-1 Quiz Stats

 Plays Quiz Updated Jan 31, 2018

Challenge
Share
Tweet
Embed
Score 0/28 Timer 06:00
1 Play Today
% Correct
Lakers
96.9%
Cavaliers
95.5%
76ers
95.3%
Patriots
94.7%
Wizards
94.6%
Packers
94.2%
Pacers
93.4%
Colts
92.9%
Chargers
92.5%
Braves
92.3%
Hornets
91.9%
Jaguars
91.4%
Mariners
90.7%
Ducks
90.1%
% Correct
Brewers
89.9%
Twins
89.9%
Diamondbacks
89.8%
Avalanche
89.4%
Rays
89.1%
Bucks
88.4%
Capitals
88%
Sabres
84.4%
All Blacks
81.2%
Dream
63.4%
Blaze
62.8%
Hounds
59.4%
Lizards
54.1%
Aces
52.7%

You're not logged in!

Compare scores with friends on all Sporcle quizzes.
Join for Free
OR
Log In

You Might Also Like...

Show Comments

Extras

Top Quizzes Today


Score Distribution

Your Account Isn't Verified!

In order to create a playlist on Sporcle, you need to verify the email address you used during registration. Go to your Sporcle Settings to finish the process.

Report this User

Report this user for behavior that violates our Community Guidelines.

Details: